000 00441nam a2200157Ia 4500
008 160316s2014 xxu||||| |||| 00| 0 eng d
082 _a350.000000
_bCHA
100 _aChatterjee T
245 _aDocumentation in public administration
250 _a
260 _aNew Delhi
_bIndian Insitute of Public Administration
_c2014
300 _a466
_b
_c
365 _bRs.150/-
650 _a1. Bibliography - public administration
700 _a
_a
999 _c37064
_d37064